Equilibrium Analysis Variations on Themes by Edgeworth and Walras

Enregistré dans:
Détails bibliographiques
Auteur principal: Hildenbrand, W.
Autres auteurs: Kirman, A.P
Format: Livre
Langue:anglais
Publié: Amsterdam North-Holland 1991
Édition:1. ed., 2. impr.
Collection:Advanced Textbooks in Economics Vol. 28
Sujets:
Tags: Ajouter un tag
Pas de tags, Soyez le premier à ajouter un tag!

MARC

LEADER 00000nam a2200000 4500
001 c012745
005 20221206114539.9
020 |a 0-444-70511-2 
041 0 |a eng 
044 |a NL 
245 1 0 |a Equilibrium Analysis  |b Variations on Themes by Edgeworth and Walras  |c W. Hildenbrand, A.P. Kirman 
250 |a 1. ed., 2. impr. 
264 1 |a Amsterdam  |b North-Holland  |c 1991 
300 |a 297 s. 
490 1 |a Advanced Textbooks in Economics  |v Vol. 28 
830 0 |a Advanced Textbooks in Economics  |v Vol. 28 
610 2 0 |a ekonómia matematická 
610 2 0 |a ekonometria 
610 2 0 |a teória ekonomická matematická 
610 2 0 |a analýza ekonometrická 
610 2 0 |a rovnováha 
100 1 |a Hildenbrand, W. 
700 1 |a Kirman, A.P.